5M+ First-Level Subdivisions of North America on a Map - Statistics

General Stats
  • This quiz has been taken 197 times
  • The average score is 32 of 35
Answers on the Map
Answers color-coded by a green-red scale on the quiz's map according to % correct below.
 
Answer Stats
Country Type Answer % Correct
United States 2023 E State Arizona
98%
United States 2023 E State California
98%
United States 2023 E State Georgia
98%
United States 2023 E State Illinois
98%
United States 2023 E State Massachusetts
98%
United States 2023 E State Michigan
98%
United States 2023 E State New Jersey
98%
United States 2023 E State New York
98%
United States 2023 E State North Carolina
98%
Canada 2023 E Province Ontario
98%
United States 2023 E State Pennsylvania
98%
Canada 2023 E Province Quebec
98%
United States 2023 E State South Carolina
98%
United States 2023 E State Texas
98%
United States 2023 E State Virginia
98%
United States 2023 E State Washington
98%
United States 2023 E State Alabama
97%
Canada 2023 E Province British Columbia
97%
United States 2023 E State Colorado
97%
United States 2023 E State Florida
97%
United States 2023 E State Indiana
97%
United States 2023 E State Maryland
97%
Mexico 2020 C State México
97%
Mexico 2020 C District Mexico City
97%
United States 2023 E State Minnesota
97%
United States 2023 E State Missouri
97%
United States 2023 E State Ohio
97%
United States 2023 E State Tennessee
97%
United States 2023 E State Wisconsin
97%
Mexico 2020 C State Veracruz
71%
Mexico 2020 C State Puebla
68%
Mexico 2020 C State Nuevo León
67%
Mexico 2020 C State Chiapas
64%
Mexico 2020 C State Jalisco
64%
Mexico 2020 C State Guanajuato
46%
No matching quizzes found
Score Distribution
Percent of People with Each Score
Percentile by Number Answered
Your Score History
You have not taken this quiz